Cell biology / (Record no. 72213)
[ view plain ]
| 000 -LEADER | |
|---|---|
| fixed length control field | 01033nam a2200313 a 4500 |
| 001 - CONTROL NUMBER | |
| control field | 72213 |
| 003 - CONTROL NUMBER IDENTIFIER | |
| rucl marc code | BD-RjUL |
| 005 - DATE AND TIME OF LATEST TRANSACTION | |
| control field | 20211209082227.0 |
| 008 - FIXED-LENGTH DATA ELEMENTS--GENERAL INFORMATION | |
| fixed length control field | 170520s1975 us a b 001 0 eng d |
| 020 ## - INTERNATIONAL STANDARD BOOK NUMBER | |
| International Standard Book Number | 072163043X |
| 035 ## - SYSTEM CONTROL NUMBER | |
| System control number | (BD-RjUL)72429 |
| 040 ## - CATALOGING SOURCE | |
| Original cataloging agency | BD-RjUL |
| Language of cataloging | eng |
| Transcribing agency | BD-RjUL |
| 041 1# - LANGUAGE CODE | |
| Language code of text/sound track or separate title | eng |
| Language code of original | spa |
| 060 #0 - NATIONAL LIBRARY OF MEDICINE CALL NUMBER | |
| Classification number | QH581 D437c |
| 082 ## - DEWEY DECIMAL CLASSIFICATION NUMBER | |
| Edition number | 23 |
| Classification number | 571.6 |
| Author mark and year | ROC 1975 |
| 100 1# - MAIN ENTRY--PERSONAL NAME | |
| Personal name | De Robertis, E. D. P. |
| Dates associated with a name | 1913- |
| 9 (RLIN) | 214557 |
| 245 10 - TITLE STATEMENT | |
| Title | Cell biology / |
| Statement of responsibility, etc. | E. D. P. De Robertis, Francisco A. Saez and E. M. F. De Robertis |
| 250 ## - EDITION STATEMENT | |
| Edition statement | 6th ed. |
| 260 ## - PUBLICATION, DISTRIBUTION, ETC. (IMPRINT) | |
| Place of publication, distribution, etc. | Philadelphia : |
| Name of publisher, distributor, etc. | Saunders, |
| Date of publication, distribution, etc. | c1975 |
| 300 ## - PHYSICAL DESCRIPTION | |
| Pagination | xv, 615 p : |
| Illustrations | ill ; |
| Size | 27 cm |
| 500 ## - GENERAL NOTE | |
| General note | First published in 1946 under title: Citología general |
| General note | Published in 1980 under title: Cell and molecular biology |
| 504 ## - BIBLIOGRAPHY, ETC. NOTE | |
| Bibliography, etc | Includes bibliographies and index |
| 650 #0 - SUBJECT ADDED ENTRY--TOPICAL TERM | |
| Topical term or geographic name as entry element | Cytology |
| 9 (RLIN) | 214558 |
| Topical term or geographic name as entry element | Cells |
| 9 (RLIN) | 214559 |
| 700 1# - ADDED ENTRY--PERSONAL NAME | |
| Personal name | Saez, Francisco A. |
| Fuller form of name | (Francisco Alberto), |
| Dates associated with a name | 1898-1976. |
| Personal name | De Robertis, E. M. F. |
| 942 ## - ADDED ENTRY ELEMENTS (KOHA) | |
| Source of classification or shelving scheme | Dewey Decimal Classification |
| Koha item type | Books |
| Lost status | Source of classification or shelving scheme | Damaged status | Not for loan | Collection code | Permanent Location | Current Location | Shelving location | Date acquired | Source of acquisition | Cost, normal purchase price | Total Checkouts | Full call number | Date last seen | Copy number | Koha item type |
|---|---|---|---|---|---|---|---|---|---|---|---|---|---|---|---|
| Dewey Decimal Classification | Not For Loan | Non-fiction | Central Library, University of Rajshahi | Central Library, University of Rajshahi | 18/05/1977 | Heffers. | 11.25 | 571.6 DEC 1975 | 20/05/2017 | C-1 | Books |